000
00228 a2200097 4500
001
12254
100
_a
Chiragh,Muhammad Ali
245
_a
Dost Baniay Dost Banaiay
260
_a
_b
Sang-e-Meel Publication
_c
090
_c
9488
_d
9488
942
_a
NUST-CAE
_c
M
_c
36364
999
_c
247327
_d
247327